Architects of ideas ; the story of the world's great thinkers /

Bibliographic Details
Main Author: Trattner, Ernest R. (Ernest Robert), 1898-1963
Format: Book
Language:English
Published: New York : The New home library, [1942]
Subjects:

MARC

Tag First Indicator Second Indicator Subfields
LEADER 00000cam a2200000 4500
001 in00000450950
005 20151012085226.0
008 730615s1942 nyu b 00000 eng u
010 |a  42025647  
035 |a (OCoLC)00643440 
035 |9 ABY2687AM 
040 |c KSU  |d TXA  |d UtOrBLW 
049 |a TXAM  |c [122554] 
050 0 0 |a Q125  |b .T7 1942 
092 |a 509  |b T776a 
100 1 |a Trattner, Ernest R.  |q (Ernest Robert),  |d 1898-1963. 
245 1 0 |a Architects of ideas ;  |b the story of the world's great thinkers /  |c by Ernest R. Trattner. 
264 1 |a New York :  |b The New home library,  |c [1942] 
300 |a 426 pages :  |b illustrations ;  |c 21 cm. 
336 |a text  |b txt  |2 rdacontent 
337 |a unmediated  |b n  |2 rdamedia 
338 |a volume  |b nc  |2 rdacarrier 
500 |a First edition published in 1938. 
504 |a Bibliography: pages 405-420. 
650 0 |a Science  |x History. 
650 0 |a Science  |x Philosophy. 
999 |a MARS 
999 f f |s 82e8f63a-f85e-3357-bd1c-3f0b6ffbd7e1  |i f22dde9e-bbdb-35ff-af5b-fd766e8a53db  |t 0 
952 f f |p ric  |a Texas A&M University  |b Rellis Campus  |c Joint Library Facility  |d Remote Storage  |t 0  |e Q125 .T7 1942  |h Library of Congress classification  |i unmediated -- volume  |m A14800897349 
998 f f |a Q125 .T7 1942  |t 0  |l Remote Storage